7 estudios: homenaje de la Facultad de Ciencias Humanas a Eugenio Pereira Salas

Sparad:
Bibliografiska uppgifter
Huvudupphovsmän: Cunill Grau, Pedro (Författare, medförfattare), Jara Hantke, Álvaro (Författare, medförfattare)
Övriga upphovsmän: Feliú Cruz, Guillermo (autor), Guerrero Yoacham, Cristián (autor), Krebs Wilckens, Ricardo (autor), Mellafe Rojas, Rolando Bernardo (autor), Orellana Rodríguez, Mario (autor)
Materialtyp: Bok
Språk:spanska
Publicerad: Santiago Universidad de Chile 1975
Ämnen:
Taggar: Lägg till en tagg
Inga taggar, Lägg till första taggen!

MARC

LEADER 00000nam a2200000 a 4500
001 UCP8360
003 CL-VaPUC
008 000114e19750000CL |||||||||||||||||spa|d
082 0 4 |a Ch864  |b CUN  |2 21 
100 0 |a Cunill Grau, Pedro  |e author  |9 438305 
700 |a Feliú Cruz, Guillermo  |e autor  |9 392726 
700 |a Guerrero Yoacham, Cristián  |e autor  |9 618170 
700 |a Jara Hantke, Álvaro  |e author  |9 559230 
700 |a Krebs Wilckens, Ricardo  |e autor  |9 588021 
700 |a Mellafe Rojas, Rolando Bernardo  |e autor  |9 617190 
700 |a Orellana Rodríguez, Mario  |e autor  |9 559744 
245 1 0 |a 7 estudios: homenaje de la Facultad de Ciencias Humanas a Eugenio Pereira Salas 
300 |a 190 p 
942 |c BK 
945 |d 20000114 00:00:00  |a rherrera 
260 |a Santiago  |b Universidad de Chile  |c 1975 
600 0 7 |a PEREIRA SALAS, EUGENIO  |2 CL-VaPUC  |9 438311 
650 0 |a Ensayos  |9 268724 
650 0 |a Homenajes  |9 258192 
650 0 |a Biografías  |9 255210 
650 0 |a Historiadores  |9 314498 
583 |a last modification  |c 20000114 00:00:00  |k Rodrigo Vera 
999 |c 285292  |d 285290 
952 |0 0  |1 0  |4 0  |6 CH_864_000000000000000_CUN_1975  |7 0  |8 A  |9 329774  |a BIBHIS  |b BIBHIS  |d 2019-11-20  |i 137592K  |o Ch864 CUN 1975  |p 137592K  |r 2025-01-20  |w 2019-11-20  |y BK  |k HIS